|
|
|
|
| LEADER |
01742nam a2200493 a 4500 |
| 001 |
000669999 |
| 003 |
CZ BrMZK |
| 005 |
20100127152323.0 |
| 007 |
ta |
| 008 |
030514s2003 xr a f 000 0 cze d |
| 015 |
|
|
|a cnb001248399
|
| 020 |
|
|
|a 80-7203-430-8
|q (váz.)
|
| 035 |
|
|
|a (OCoLC)53274274
|
| 040 |
|
|
|a BOA001
|b cze
|
| 041 |
1 |
|
|a cze
|h fre
|
| 043 |
|
|
|a s-py---
|
| 072 |
|
7 |
|a 39
|x Etnologie. Etnografie. Folklor
|2 Konspekt
|9 1
|
| 080 |
|
|
|a 316.72/.75
|2 MRF
|
| 080 |
|
|
|a 39
|2 MRF
|
| 080 |
|
|
|a 39(=873.24)
|2 MRF
|
| 080 |
|
|
|a 94(=873.24)
|2 MRF
|
| 080 |
|
|
|a (892)
|2 MRF
|
| 080 |
|
|
|a (0:82-3)
|2 MRF
|
| 080 |
|
|
|a (048.8)
|2 MRF
|
| 100 |
1 |
|
|a Clastres, Pierre,
|d 1934-1977
|7 jn20000601171
|4 aut
|
| 245 |
1 |
0 |
|a Kronika indiánů Guayakí /
|c Pierre Clastres ; [z francouzského originálu přeložil Jindřich Vacek]
|
| 250 |
|
|
|a Vyd. 1.
|
| 260 |
|
|
|a Praha :
|b Argo,
|c 2003
|
| 300 |
|
|
|a 217 s. :
|b il. ;
|c 22 cm
|
| 490 |
1 |
|
|a Capricorn ;
|v sv. 10
|
| 500 |
|
|
|a Překlad z francouzštiny
|
| 650 |
0 |
7 |
|a kultura a společnost
|7 ph122010
|2 czenas
|
| 650 |
0 |
7 |
|a Guajakíové
|7 ph194651
|x etnografie
|2 czenas
|
| 650 |
0 |
7 |
|a Guajakíové
|7 ph194651
|x dějiny
|2 czenas
|
| 655 |
|
7 |
|a vyprávění
|7 fd133823
|2 czenas
|
| 655 |
|
7 |
|a studie
|7 fd133597
|2 czenas
|
| 651 |
|
7 |
|a Paraguay
|7 ge130368
|x etnografie
|2 czenas
|
| 700 |
1 |
|
|a Vacek, Jindřich,
|d 1955-
|7 jn99240001228
|4 trl
|
| 765 |
0 |
|
|t Chronique des Indiens Guayaki
|9 Česky
|
| 830 |
|
0 |
|a Capricorn (Argo)
|0 s
|
| 856 |
4 |
1 |
|u http://www.digitalniknihovna.cz/mzk/uuid/uuid:5b1f3cf0-eea3-11e2-9923-005056827e52
|y Digitalizovaný dokument
|x NDK
|
| 910 |
|
|
|a BOA001
|b 2-1118.524
|
| 990 |
|
|
|a BK
|
| 996 |
6 |
|
|b 2610188855
|c 2-1118.524
|l MZK
|r Sklad / do 1 hodiny
|n 5
|p p.v.
|w 000669999
|u 000010
|a 1
|e BOA001
|j MZK50
|s P
|